000
00306nam a22001217a 4500
008
230620b xxu||||| |||| 00| 0 eng d
020
_a
0198255969
082
_a
320.4
_b
BRA 1988
245
_a
Constitutional Practice
260
_a
USA
_b
Oxford University Press
_c
1988
300
_a
XIX,283p
942
_2
ddc
_c
BK
999
_c
1637
_d
1637